| 000 | 01387cam a2200289 4500 | ||
|---|---|---|---|
| 008 | #DATE n2003 000 0 eng u | ||
| 020 | _a1904388051 | ||
| 035 | _a(Sirsi) u122050 | ||
| 041 | _aeng | ||
| 050 |
_a658.404 _c18 |
||
| 100 | _aWaterhouse, Roger | ||
| 245 |
_aProject management 2004 (representing the client) _bCPD study pack. |
||
| 250 | _a5th ed. | ||
| 260 |
_aReading _bCollege of Estate Management _c2003 |
||
| 300 |
_a100p. _c30cm + 1 audio cassette (ca 60 min.) |
||
| 350 | _a72.85 | ||
| 490 | _aCollege of Estate Management CPD Study Pack | ||
| 520 | _aAims to give a background understanding of client project management within the property and construction industy. Also seeks to identify typical problems which the Client Project Manager, as the client's representative, is likely to face, together with possible solutions. | ||
| 520 | _aAccompanied by the Owlion audio tape "Project management 2000: leadership in action" (J104989), which is available to borrow seperately. | ||
| 520 | _aSupersedes "Project management 2002" (ISBN 1899769242) and "A guide to project management" (ISBN 1899769153). | ||
| 520 | _aIn the process of being updated to incorporate the CDM Regulations 2007. | ||
| 650 | _aCLIENT PROJECT MANAGERS | ||
| 650 | _aCPD | ||
| 690 |
_aProject management _96261 |
||
| 710 |
_aCollege of Estate Management _9400 |
||
| 942 | _n0 | ||
| 999 |
_c102773 _d102773 |
||